| 000 | 004880000a22001930004500 | ||
|---|---|---|---|
| 001 | 002990 | ||
| 003 | MACL | ||
| 005 | 20150802180139.0 | ||
| 008 | 150802b xxu||||| |||| 00| 0 eng d | ||
| 040 |
_aMACL _cMACL |
||
| 041 | _aEnglish | ||
| 082 | _a398/GOW | ||
| 100 |
_aGowda, J. Made _94519 |
||
| 245 |
_aPerformance Evaluation Of SRTCs In India _cJ. Made Gowda |
||
| 260 |
_aDelhi _c2002 _bKnowledge Plus, |
||
| 350 | _a275 | ||
| 650 |
_aTransportation _94381 |
||
| 942 |
_k388 _cBK _2ddc |
||
| 999 |
_c14896 _d14896 |
||